000 00917 a2200253 4500
003 Nust
005 20221122131914.0
010 _a 78011102
020 _a0070634955
040 _cNust
082 0 0 _a621.381,TEM
100 1 _aTemes, Lloyd.
_9103352
245 1 0 _aSchaum's outline of theory and problems of electronic communication /
_cLloyd Temes.
260 _aNew York :
_bMcGraw-Hill,
_cc1979.
300 _a138 p. :
_bill. ;
_c28 cm.
490 0 _aSchaum outline series
500 _a
505 _aAmplitude Modulation (Page-1), Frequency Modulation (Page-28), Television (Page-53), Tuned Circuits (Page-59), RF Amplifier s and Oscillators (Page-84), Transmission Lines (Page-97), Antennas (Page-118).
650 0 _aElectronics.
650 0 _aTelecommunication Engineering
740 _aElectronic communication.
740 _aTheory and problems of electronic communication.
942 _2ddc
_cBK
999 _c190568
_d190568